000 00439nam a2200169Ia 4500
003 GCL
008 140319s9999 xx 000 0 ara d
040 _aGCL /
_cGCL
082 0 4 _aد
_b050
100 1 _aسعد ظلام
245 1 0 _aمن دروس الهجرة (اقرا 451 ) /
_cسعد ظلام
300 _a126
490 _aاقرأ
_v0
650 0 4 _aالهجرة
650 0 4 _aالهجرة الى المدينة
942 _2ddc
_cBK
999 _c49589
_d49589